| 000 | 00462nam a22001577a 4500 | ||
|---|---|---|---|
| 005 | 20240808093349.0 | ||
| 008 | 240808b |||||||| |||| 00| 0 eng d | ||
| 020 | _a969-8546-11-1 | ||
| 082 |
_a332 _bCAE |
||
| 245 |
_aCA Exams Study Text/ _cProfessional Business Publication |
||
| 260 |
_aLahore; _bProfessional Business Publication; _c2001 |
||
| 300 |
_axviii, 413 p.: _bill; _c23.5 cm. |
||
| 500 | _aIncludes index | ||
| 650 | _aSocial Sciences | ||
| 999 |
_c36329 _d36329 |
||